[Event "DVM U20w 2020"]
[Site "Willingen GER"]
[Date "2021.06.25"]
[Round "3"]
[White "Hafermann, Lara"]
[Black "Visvikis, Kassandra"]
[Result "0-1"]
[Termination "normal"]
[Board "4.4"]
[WhiteElo "1323"]
[BlackElo "1610"]
[WhiteClock "00:35:06"]
[BlackClock "00:46:46"]
[WhiteTeam "SC Borussia Lichtenberg 1"]
[BlackTeam "OSG Baden-Baden"]
[PlyCount "94"]
[WhiteFideId "16298306"]
[BlackFideId "36052167"]
[EventCountry "GER"]
[EventRounds "7"]
[EventType "team-swiss"]
[EventDate "2021.06.23"]

1. c4 {[%clk 01:30:54]  [%emt 00:00:05]} 1... c5 { [%clk 01:30:53]  [%emt
00:00:07]} 2. g3 {[%clk 01:31:18]  [%emt 00:00:07]} 2... Nf6 {[%clk 01:30:57] 
[%emt 00:00:26]} 3. Bg2 {[%clk 01:31:32]  [%emt 00:00:16] } 3... Qc7 {[%clk
01:29:38]  [%emt 00:01:49]} 4. Nc3 { [%clk 01:31:33]  [%emt 00:00:29]} 4... a6
{[%clk 01:30:01]  [%emt 00:00:08]} 5. e3 {[%clk 01:30:45]  [%emt 00:01:18]}
5... Nc6 { [%clk 01:30:02]  [%emt 00:00:28]} 6. Nge2 {[%clk 01:30:24]  [%emt
00:00:51]} 6... d6 {[%clk 01:28:37]  [%emt 00:01:56]} 7. b3 { [%clk 01:29:27] 
[%emt 00:01:26]} 7... Bd7 {[%clk 01:26:49]  [%emt 00:02:17]} 8. Bb2 {[%clk
01:29:10]  [%emt 00:00:47]} 8... Ne5 { [%clk 01:25:11]  [%emt 00:02:07]} 9. d4
{[%clk 01:27:04]  [%emt 00:02:37]} 9... Ng6 {[%clk 01:21:31]  [%emt 00:04:10]}
10. a3 {[%clk 01:17:43]  [%emt 00:09:52] } 10... Rb8 {[%clk 01:19:49]  [%emt
00:02:11]} 11. Qd3 { [%clk 01:14:50]  [%emt 00:03:23]} 11... e6 {[%clk
01:17:23]  [%emt 00:02:56]} 12. b4 {[%clk 01:12:02]  [%emt 00:03:18]} 12... Qb6
{ [%clk 01:08:11]  [%emt 00:09:42]} 13. dxc5 {[%clk 01:08:15]  [%emt 00:04:17]}
13... dxc5 {[%clk 01:08:35]  [%emt 00:00:05]} 14. Na2 { [%clk 01:00:38]  [%emt
00:08:08]} 14... cxb4 {[%clk 01:05:54]  [%emt 00:03:11]} 15. Qb3 {[%clk
00:59:54]  [%emt 00:01:13]} 15... Bc6 { [%clk 01:00:18]  [%emt 00:06:07]} 16.
O-O {[%clk 00:58:11]  [%emt 00:02:13]} 16... Bxg2 {[%clk 01:00:18]  [%emt
00:00:30]} 17. Kxg2 { [%clk 00:58:35]  [%emt 00:00:06]} 17... Qc6+ {[%clk
01:00:43]  [%emt 00:00:04]} 18. f3 {[%clk 00:56:40]  [%emt 00:02:26]} 18...
bxa3 { [%clk 00:59:55]  [%emt 00:01:19]} 19. Bxa3 {[%clk 00:51:54]  [%emt
00:05:15]} 19... Bxa3 {[%clk 01:00:16]  [%emt 00:00:09]} 20. Qxa3 { [%clk
00:52:20]  [%emt 00:00:04]} 20... Qxc4 {[%clk 00:59:33]  [%emt 00:01:13]} 21.
Nac3 {[%clk 00:51:42]  [%emt 00:01:07]} 21... Nd5 { [%clk 00:58:58]  [%emt
00:01:05]} 22. Nxd5 {[%clk 00:50:45]  [%emt 00:01:27]} 22... Qxd5 {[%clk
00:58:15]  [%emt 00:01:14]} 23. Rfd1 { [%clk 00:49:11]  [%emt 00:02:05]} 23...
Qc4 {[%clk 00:56:47]  [%emt 00:01:56]} 24. Nf4 {[%clk 00:46:52]  [%emt
00:02:49]} 24... Nxf4+ { [%clk 00:57:06]  [%emt 00:00:10]} 25. gxf4 {[%clk
00:47:10]  [%emt 00:00:13]} 25... Rd8 {[%clk 00:49:42]  [%emt 00:07:54]} 26.
Rxd8+ { [%clk 00:42:20]  [%emt 00:05:20]} 26... Kxd8 {[%clk 00:50:08]  [%emt
00:00:04]} 27. Rd1+ {[%clk 00:42:29]  [%emt 00:00:21]} 27... Ke8 { [%clk
00:50:35]  [%emt 00:00:03]} 28. Qd6 {[%clk 00:42:42]  [%emt 00:00:18]} 28...
Qc8 {[%clk 00:50:58]  [%emt 00:00:08]} 29. Kg3 { [%clk 00:42:40]  [%emt
00:00:31]} 29... f6 {[%clk 00:50:50]  [%emt 00:00:37]} 30. h4 {[%clk 00:37:16] 
[%emt 00:05:54]} 30... Rf8 { [%clk 00:49:41]  [%emt 00:01:40]} 31. Qd3 {[%clk
00:36:04]  [%emt 00:01:43]} 31... f5 {[%clk 00:45:49]  [%emt 00:04:22]} 32. e4
{ [%clk 00:35:29]  [%emt 00:01:05]} 32... Rf7 {[%clk 00:41:50]  [%emt
00:04:28]} 33. exf5 {[%clk 00:32:24]  [%emt 00:03:35]} 33... Rd7 { [%clk
00:41:43]  [%emt 00:00:37]} 34. Qxd7+ {[%clk 00:31:04]  [%emt 00:01:50]} 34...
Qxd7 {[%clk 00:42:08]  [%emt 00:00:05]} 35. Rxd7 { [%clk 00:31:26]  [%emt
00:00:09]} 35... Kxd7 {[%clk 00:42:36]  [%emt 00:00:02]} 36. fxe6+ {[%clk
00:31:48]  [%emt 00:00:08]} 36... Kxe6 { [%clk 00:43:02]  [%emt 00:00:03]} 37.
Kg4 {[%clk 00:31:58]  [%emt 00:00:20]} 37... b5 {[%clk 00:43:24]  [%emt
00:00:08]} 38. Kg5 { [%clk 00:32:18]  [%emt 00:00:09]} 38... b4 {[%clk
00:43:45]  [%emt 00:00:11]} 39. f5+ {[%clk 00:32:35]  [%emt 00:00:12]} 39...
Kf7 { [%clk 00:44:09]  [%emt 00:00:06]} 40. h5 {[%clk 00:32:52]  [%emt
00:00:13]} 40... b3 {[%clk 00:44:34]  [%emt 00:00:06]} 41. h6 { [%clk 00:33:14]
 [%emt 00:00:07]} 41... gxh6+ {[%clk 00:44:58]  [%emt 00:00:05] } 42. Kxh6
{[%clk 00:33:35]  [%emt 00:00:10]} 42... Kf6 { [%clk 00:45:26]  [%emt
00:00:02]} 43. Kxh7 {[%clk 00:33:50]  [%emt 00:00:15]} 43... b2 {[%clk
00:45:53]  [%emt 00:00:03]} 44. Kh6 { [%clk 00:34:05]  [%emt 00:00:15]} 44...
b1=Q {[%clk 00:46:15]  [%emt 00:00:09]} 45. Kh7 {[%clk 00:34:26]  [%emt
00:00:07]} 45... Qxf5+ { [%clk 00:46:31]  [%emt 00:00:14]} 46. Kh8 {[%clk
00:34:45]  [%emt 00:00:12]} 46... Qd7 {[%clk 00:46:50]  [%emt 00:00:10]} 47. f4
{ [%clk 00:35:06]  [%emt 00:00:09]} 47... Qg7# {[%clk 00:46:46]  [%emt
00:00:04]} 0-1

[Event "DVM U20w 2020"]
[Site "Willingen GER"]
[Date "2021.06.25"]
[Round "3"]
[White "Ley, Sabrina"]
[Black "Mundt, Alexandra"]
[Result "0-1"]
[Termination "normal"]
[Board "5.1"]
[WhiteElo "1866"]
[BlackElo "1768"]
[WhiteClock "00:00:58"]
[BlackClock "00:12:02"]
[WhiteTeam "SC Landskrone"]
[BlackTeam "SK Doppelbauer Kiel"]
[PlyCount "72"]
[WhiteFideId "12938130"]
[BlackFideId "16217276"]
[EventCountry "GER"]
[EventRounds "7"]
[EventType "team-swiss"]
[EventDate "2021.06.23"]

1. e4 {[%clk 01:30:57]  [%emt 00:00:02]} 1... e5 { [%clk 01:30:58]  [%emt
00:00:02]} 2. Nf3 {[%clk 01:31:21]  [%emt 00:00:06]} 2... Nf6 {[%clk 01:31:19] 
[%emt 00:00:09]} 3. Bc4 { [%clk 01:31:10]  [%emt 00:00:41]} 3... Nxe4 {[%clk
01:29:53]  [%emt 00:01:56]} 4. Nc3 {[%clk 01:31:10]  [%emt 00:00:31]} 4... Nf6
{ [%clk 01:29:17]  [%emt 00:01:06]} 5. Nxe5 {[%clk 01:28:20]  [%emt 00:03:19]}
5... d5 {[%clk 01:29:11]  [%emt 00:00:35]} 6. Bb3 { [%clk 01:24:14]  [%emt
00:04:37]} 6... Nc6 {[%emt 00:05:56]} 7. Nxc6 { [%clk 01:20:42]  [%emt
00:00:07]} 7... bxc6 {[%clk 01:28:02]  [%emt 00:00:07]} 8. O-O {[%clk 01:19:32]
 [%emt 00:01:41]} 8... Be7 { [%clk 01:26:43]  [%emt 00:01:49]} 9. d3 {[%clk
01:18:01]  [%emt 00:02:00]} 9... O-O {[%clk 01:26:48]  [%emt 00:00:25]} 10. h3
{[%clk 01:12:45]  [%emt 00:05:47] } 10... Be6 {[%clk 01:24:06]  [%emt
00:03:12]} 11. Bf4 { [%clk 01:09:09]  [%emt 00:04:06]} 11... Rb8 {[%clk
01:18:31]  [%emt 00:06:05]} 12. Ne2 {[%clk 00:57:34]  [%emt 00:12:05]} 12... c5
{ [%clk 01:12:16]  [%emt 00:06:45]} 13. Rb1 {[%clk 00:55:09]  [%emt 00:02:55]}
13... Ne8 {[%clk 01:00:51]  [%emt 00:11:55]} 14. Bh2 { [%clk 00:51:15]  [%emt
00:04:25]} 14... Nd6 {[%clk 00:58:58]  [%emt 00:02:23]} 15. Nf4 {[%clk
00:48:53]  [%emt 00:02:51]} 15... Nf5 { [%clk 00:57:22]  [%emt 00:02:06]} 16.
c3 {[%clk 00:46:16]  [%emt 00:03:08]} 16... Bd6 {[%clk 00:54:44]  [%emt
00:03:07]} 17. Qf3 { [%clk 00:35:12]  [%emt 00:11:34]} 17... Nh4 {[%clk
00:50:34]  [%emt 00:04:40]} 18. Qh5 {[%clk 00:25:34]  [%emt 00:10:07]} 18... g6
{ [%clk 00:49:24]  [%emt 00:01:41]} 19. Qd1 {[%clk 00:25:13]  [%emt 00:00:50]}
19... Qg5 {[%clk 00:48:13]  [%emt 00:01:40]} 20. Kh1 { [%clk 00:17:59]  [%emt
00:07:45]} 20... Bxf4 {[%clk 00:48:08]  [%emt 00:00:35]} 21. g3 {[%clk
00:18:23]  [%emt 00:00:05]} 21... Bxh3 { [%clk 00:39:26]  [%emt 00:09:12]} 22.
Rg1 {[%clk 00:15:59]  [%emt 00:02:55]} 22... Bg2+ {[%clk 00:33:15]  [%emt
00:06:41]} 23. Rxg2 { [%clk 00:16:09]  [%emt 00:00:19]} 23... Nxg2 {[%clk
00:33:40]  [%emt 00:00:06]} 24. Kxg2 {[%clk 00:12:14]  [%emt 00:04:25]} 24...
c6 { [%clk 00:32:02]  [%emt 00:02:08]} 25. Ba4 {[%clk 00:09:19]  [%emt
00:03:24]} 25... Rb6 {[%clk 00:29:37]  [%emt 00:02:56]} 26. Qf3 { [%clk
00:08:53]  [%emt 00:00:56]} 26... Bd6 {[%clk 00:28:52]  [%emt 00:01:14]} 27.
Qe2 {[%clk 00:05:04]  [%emt 00:04:19]} 27... Rfb8 { [%clk 00:28:12]  [%emt
00:01:09]} 28. b3 {[%clk 00:04:58]  [%emt 00:00:37]} 28... h5 {[%clk 00:18:33] 
[%emt 00:10:08]} 29. Rf1 { [%clk 00:04:06]  [%emt 00:01:23]} 29... Kf8 {[%clk
00:16:41]  [%emt 00:02:22]} 30. f4 {[%clk 00:02:56]  [%emt 00:01:41]} 30... Qf5
{ [%clk 00:15:54]  [%emt 00:01:15]} 31. Bg1 {[%clk 00:02:27]  [%emt 00:01:00]}
31... Re8 {[%clk 00:15:54]  [%emt 00:00:30]} 32. Qd2 { [%clk 00:02:08]  [%emt
00:00:49]} 32... Qg4 {[%clk 00:15:35]  [%emt 00:00:49]} 33. Rf2 {[%clk
00:02:26]  [%emt 00:00:12]} 33... h4 { [%clk 00:15:06]  [%emt 00:01:00]} 34.
Bh2 {[%clk 00:02:43]  [%emt 00:00:12]} 34... g5 {[%clk 00:12:18]  [%emt
00:03:18]} 35. fxg5 { [%clk 00:01:14]  [%emt 00:01:59]} 35... hxg3 {[%clk
00:12:20]  [%emt 00:00:29]} 36. Bxg3 {[%clk 00:00:58]  [%emt 00:00:46]} 36...
Bxg3 { [%clk 00:12:02]  [%emt 00:00:48]} 0-1

[Event "DVM U20w 2020"]
[Site "Willingen GER"]
[Date "2021.06.25"]
[Round "3"]
[White "Rempe, Mieke"]
[Black "Kalina, Lena"]
[Result "0-1"]
[Termination "normal"]
[Board "5.2"]
[WhiteElo "1669"]
[BlackElo "1585"]
[WhiteClock "00:10:01"]
[BlackClock "00:04:05"]
[WhiteTeam "SK Doppelbauer Kiel"]
[BlackTeam "SC Landskrone"]
[PlyCount "94"]
[WhiteFideId "16202384"]
[BlackFideId "12988014"]
[EventCountry "GER"]
[EventRounds "7"]
[EventType "team-swiss"]
[EventDate "2021.06.23"]

1. e4 {[%clk 01:30:57]  [%emt 00:00:02]} 1... c5 { [%clk 01:30:53]  [%emt
00:00:08]} 2. Nf3 {[%clk 01:31:18]  [%emt 00:00:08]} 2... Nc6 {[%clk 01:31:18] 
[%emt 00:00:06]} 3. Nc3 { [%clk 01:31:28]  [%emt 00:00:19]} 3... g6 {[%clk
01:31:13]  [%emt 00:00:36]} 4. Be2 {[%clk 01:27:04]  [%emt 00:04:54]} 4... Bg7
{ [%clk 01:30:22]  [%emt 00:01:22]} 5. d3 {[%clk 01:27:17]  [%emt 00:00:16]}
5... Nf6 {[%clk 01:25:14]  [%emt 00:05:37]} 6. Bf4 {[%clk 01:24:17]  [%emt
00:03:30] } 6... d5 {[%clk 01:22:03]  [%emt 00:03:42]} 7. exd5 { [%clk
01:21:31]  [%emt 00:03:15]} 7... Nxd5 {[%clk 01:21:53]  [%emt 00:00:41]} 8.
Nxd5 {[%clk 01:21:38]  [%emt 00:00:23]} 8... Qxd5 { [%clk 01:21:48]  [%emt
00:00:36]} 9. c3 {[%clk 01:20:42]  [%emt 00:01:26]} 9... O-O {[%clk 01:18:21] 
[%emt 00:03:56]} 10. O-O { [%clk 01:18:27]  [%emt 00:02:43]} 10... Bf5 {[%clk
01:09:55]  [%emt 00:08:58]} 11. Nh4 {[%clk 01:15:00]  [%emt 00:03:56]} 11...
Be6 { [%clk 01:09:22]  [%emt 00:01:04]} 12. Qd2 {[%clk 01:10:45]  [%emt
00:04:45]} 12... Rfd8 {[%clk 01:05:54]  [%emt 00:03:58]} 13. Rfd1 { [%clk
01:08:41]  [%emt 00:02:33]} 13... Bf6 {[%clk 01:04:22]  [%emt 00:02:02]} 14.
Nf3 {[%clk 01:05:37]  [%emt 00:03:35]} 14... Bf5 { [%clk 00:59:04]  [%emt
00:05:49]} 15. Bg5 {[%clk 01:01:36]  [%emt 00:04:31]} 15... Bg7 {[%clk
00:56:25]  [%emt 00:03:09]} 16. Qe3 { [%clk 00:52:53]  [%emt 00:09:11]} 16...
Rac8 {[%clk 00:47:47]  [%emt 00:09:10]} 17. Nh4 {[%clk 00:49:34]  [%emt
00:03:48]} 17... Qe6 { [%clk 00:44:55]  [%emt 00:03:22]} 18. Nxf5 {[%clk
00:47:20]  [%emt 00:02:44]} 18... Qxf5 {[%clk 00:44:19]  [%emt 00:01:07]} 19.
Bf3 { [%clk 00:44:40]  [%emt 00:03:10]} 19... Bf6 {[%clk 00:38:55]  [%emt
00:05:54]} 20. Bxf6 {[%clk 00:42:15]  [%emt 00:02:55]} 20... Qxf6 {[%emt
00:08:52]} 21. Bg4 {[%clk 00:37:19]  [%emt 00:02:28]} 21... e6 { [%clk
00:31:01]  [%emt 00:02:59]} 22. Qf3 {[%clk 00:31:51]  [%emt 00:05:57]} 22...
Qe7 {[%clk 00:28:10]  [%emt 00:03:22]} 23. Qe3 { [%clk 00:31:36]  [%emt
00:00:44]} 23... Rd5 {[%clk 00:26:14]  [%emt 00:02:26]} 24. Bf3 {[%clk
00:29:21]  [%emt 00:02:44]} 24... Re5 { [%clk 00:23:08]  [%emt 00:03:37]} 25.
Qh6 {[%clk 00:28:17]  [%emt 00:01:33]} 25... Qg5 {[%clk 00:19:46]  [%emt
00:03:53]} 26. Qxg5 { [%clk 00:28:25]  [%emt 00:00:22]} 26... Rxg5 {[%clk
00:20:12]  [%emt 00:00:04]} 27. Bxc6 {[%clk 00:28:31]  [%emt 00:00:24]} 27...
Rxc6 { [%clk 00:20:36]  [%emt 00:00:07]} 28. d4 {[%clk 00:27:59]  [%emt
00:01:02]} 28... c4 {[%clk 00:19:20]  [%emt 00:01:47]} 29. Re1 { [%clk
00:27:25]  [%emt 00:01:03]} 29... Rb5 {[%clk 00:18:29]  [%emt 00:01:21]} 30.
Rab1 {[%clk 00:26:43]  [%emt 00:01:12]} 30... Rcb6 { [%clk 00:18:16]  [%emt
00:00:43]} 31. Re2 {[%clk 00:26:03]  [%emt 00:01:10]} 31... Ra6 {[%clk
00:17:59]  [%emt 00:00:47]} 32. Ra1 { [%clk 00:22:42]  [%emt 00:03:50]} 32...
Rba5 {[%clk 00:16:15]  [%emt 00:02:15]} 33. a3 {[%clk 00:22:10]  [%emt
00:01:02]} 33... Rb6 { [%clk 00:15:47]  [%emt 00:00:58]} 34. f3 {[%clk
00:22:03]  [%emt 00:00:37]} 34... Rab5 {[%clk 00:16:01]  [%emt 00:00:16]} 35.
Rb1 { [%clk 00:22:05]  [%emt 00:00:28]} 35... Rb3 {[%clk 00:15:11]  [%emt
00:01:21]} 36. Rc2 {[%clk 00:13:55]  [%emt 00:08:39]} 36... Rxa3 { [%clk
00:15:04]  [%emt 00:00:38]} 37. Kf2 {[%clk 00:14:02]  [%emt 00:00:23]} 37...
Ra2 {[%clk 00:12:37]  [%emt 00:02:57]} 38. Ke2 { [%clk 00:14:09]  [%emt
00:00:23]} 38... Kf8 {[%clk 00:10:12]  [%emt 00:02:55]} 39. Ke3 {[%clk
00:13:19]  [%emt 00:01:19]} 39... Ke7 { [%clk 00:09:23]  [%emt 00:01:20]} 40.
Ke4 {[%clk 00:13:00]  [%emt 00:00:48]} 40... Kd6 {[%clk 00:08:41]  [%emt
00:01:12]} 41. Kf4 { [%clk 00:13:20]  [%emt 00:00:09]} 41... Rb5 {[%clk
00:07:47]  [%emt 00:01:25]} 42. g4 {[%clk 00:13:00]  [%emt 00:00:50]} 42... h6
{ [%clk 00:07:10]  [%emt 00:01:07]} 43. Re2 {[%clk 00:12:31]  [%emt 00:00:57]}
43... a5 {[%clk 00:04:57]  [%emt 00:02:45]} 44. Re5 { [%clk 00:09:02]  [%emt
00:04:00]} 44... g5+ {[%clk 00:03:07]  [%emt 00:02:20]} 45. Ke4 {[%clk
00:09:26]  [%emt 00:00:06]} 45... Rbxb2 { [%clk 00:03:16]  [%emt 00:00:21]} 46.
Rxb2 {[%clk 00:09:39]  [%emt 00:00:17]} 46... Rxb2 {[%clk 00:03:42]  [%emt
00:00:04]} 47. Rxa5 { [%clk 00:10:01]  [%emt 00:00:08]} 47... Re2# {[%clk
00:04:05]  [%emt 00:00:07]} 0-1

[Event "DVM U20w 2020"]
[Site "Willingen GER"]
[Date "2021.06.25"]
[Round "3"]
[White "Müller, Riyanna"]
[Black "Rempe, Janne"]
[Result "1-0"]
[Termination "normal"]
[Board "5.3"]
[WhiteElo "1419"]
[BlackElo "1513"]
[WhiteClock "00:16:26"]
[BlackClock "00:06:43"]
[WhiteTeam "SC Landskrone"]
[BlackTeam "SK Doppelbauer Kiel"]
[PlyCount "137"]
[WhiteFideId "16287401"]
[BlackFideId "16202392"]
[EventCountry "GER"]
[EventRounds "7"]
[EventType "team-swiss"]
[EventDate "2021.06.23"]

1. e4 {[%clk 01:30:56]  [%emt 00:00:02]} 1... d6 { [%clk 01:30:48]  [%emt
00:00:13]} 2. d4 {[%clk 01:31:09]  [%emt 00:00:18]} 2... Nf6 {[%clk 01:31:10] 
[%emt 00:00:08]} 3. Nc3 {[%clk 01:31:09]  [%emt 00:00:31] } 3... Nbd7 {[%clk
01:31:05]  [%emt 00:00:35]} 4. Nf3 { [%clk 01:31:02]  [%emt 00:00:36]} 4... e5
{[%clk 01:30:39]  [%emt 00:00:56]} 5. Bc4 {[%clk 01:30:23]  [%emt 00:01:08]}
5... Be7 { [%clk 01:29:16]  [%emt 00:01:54]} 6. O-O {[%clk 01:29:47]  [%emt
00:01:06]} 6... c6 {[%clk 01:28:38]  [%emt 00:01:07]} 7. a4 { [%clk 01:28:26] 
[%emt 00:01:52]} 7... a5 {[%clk 01:28:43]  [%emt 00:00:25]} 8. Ba2 {[%clk
01:28:00]  [%emt 00:00:56]} 8... O-O { [%clk 01:27:04]  [%emt 00:02:09]} 9. Re1
{[%clk 01:27:06]  [%emt 00:01:24]} 9... Qc7 {[%clk 01:26:19]  [%emt 00:01:14]}
10. h3 { [%clk 01:25:57]  [%emt 00:01:39]} 10... Re8 {[%clk 01:26:16]  [%emt
00:00:33]} 11. Be3 {[%clk 01:24:52]  [%emt 00:01:36]} 11... Nf8 { [%clk
01:20:54]  [%emt 00:05:52]} 12. Ng5 {[%clk 01:23:09]  [%emt 00:02:13]} 12...
Ne6 {[%clk 01:13:25]  [%emt 00:07:58]} 13. Nxe6 { [%clk 01:20:57]  [%emt
00:02:42]} 13... Bxe6 {[%clk 01:12:36]  [%emt 00:01:19]} 14. Bxe6 {[%clk
01:19:48]  [%emt 00:01:40]} 14... fxe6 { [%clk 01:13:01]  [%emt 00:00:06]} 15.
dxe5 {[%clk 01:19:20]  [%emt 00:00:58]} 15... dxe5 {[%clk 01:12:03]  [%emt
00:01:27]} 16. Qe2 { [%clk 01:16:36]  [%emt 00:03:13]} 16... Rf8 {[%clk
01:10:59]  [%emt 00:01:34]} 17. Qc4 {[%clk 01:14:36]  [%emt 00:02:30]} 17...
Qc8 { [%clk 01:06:05]  [%emt 00:05:23]} 18. Rad1 {[%clk 01:10:28]  [%emt
00:04:38]} 18... Bb4 {[%clk 01:04:29]  [%emt 00:02:07]} 19. Bb6 { [%clk
01:06:52]  [%emt 00:04:05]} 19... Qe8 {[%clk 00:54:46]  [%emt 00:10:13]} 20.
Bc5 {[%clk 00:58:59]  [%emt 00:08:24]} 20... Bxc5 { [%clk 00:52:36]  [%emt
00:02:39]} 21. Qxc5 {[%clk 00:59:08]  [%emt 00:00:22]} 21... Qh5 {[%clk
00:51:43]  [%emt 00:01:23]} 22. Re3 { [%clk 00:54:20]  [%emt 00:05:18]} 22...
Rf7 {[%clk 00:38:31]  [%emt 00:13:42]} 23. Red3 {[%clk 00:49:13]  [%emt
00:05:37]} 23... Raf8 { [%clk 00:36:26]  [%emt 00:02:35]} 24. Qxa5 {[%clk
00:44:29]  [%emt 00:05:15]} 24... Qg5 {[%clk 00:33:25]  [%emt 00:03:31]} 25.
Rg3 { [%clk 00:39:38]  [%emt 00:05:21]} 25... Qf4 {[%clk 00:30:04]  [%emt
00:03:50]} 26. Rf3 {[%clk 00:30:01]  [%emt 00:10:07]} 26... Qg5 { [%clk
00:29:11]  [%emt 00:01:24]} 27. Kf1 {[%clk 00:27:44]  [%emt 00:02:45]} 27...
Qh5 {[%clk 00:21:26]  [%emt 00:08:16]} 28. Rd8 { [%clk 00:25:46]  [%emt
00:02:28]} 28... Qg5 {[%clk 00:19:26]  [%emt 00:02:30]} 29. Rxf8+ {[%clk
00:24:43]  [%emt 00:01:34]} 29... Rxf8 { [%clk 00:19:46]  [%emt 00:00:10]} 30.
Re3 {[%clk 00:24:27]  [%emt 00:00:45]} 30... Qf4 {[%clk 00:15:13]  [%emt
00:05:03]} 31. Ke2 { [%clk 00:21:29]  [%emt 00:03:28]} 31... Qg5 {[%clk
00:07:56]  [%emt 00:07:46]} 32. Qa7 {[%clk 00:15:15]  [%emt 00:06:43]} 32...
Qxg2 { [%clk 00:06:16]  [%emt 00:02:10]} 33. Rg3 {[%clk 00:15:04]  [%emt
00:00:42]} 33... Qh2 {[%clk 00:06:22]  [%emt 00:00:25]} 34. Rf3 { [%clk
00:10:23]  [%emt 00:05:10]} 34... b5 {[%clk 00:04:32]  [%emt 00:02:21]} 35.
axb5 {[%clk 00:09:45]  [%emt 00:01:07]} 35... cxb5 { [%clk 00:04:57]  [%emt
00:00:06]} 36. Nxb5 {[%clk 00:09:43]  [%emt 00:00:32]} 36... Rc8 {[%clk
00:04:24]  [%emt 00:01:00]} 37. Rc3 { [%clk 00:08:13]  [%emt 00:02:02]} 37...
Rxc3 {[%clk 00:03:49]  [%emt 00:01:06]} 38. Nxc3 {[%clk 00:08:31]  [%emt
00:00:10]} 38... Qxh3 { [%clk 00:03:56]  [%emt 00:00:25]} 39. Qb8+ {[%clk
00:08:45]  [%emt 00:00:15]} 39... Kf7 {[%clk 00:04:22]  [%emt 00:00:04]} 40.
Qxe5 { [%clk 00:08:56]  [%emt 00:00:19]} 40... Qg4+ {[%clk 00:03:40]  [%emt
00:01:11]} 41. Kd2 {[%clk 00:07:54]  [%emt 00:01:33]} 41... h5 { [%clk
00:03:29]  [%emt 00:00:41]} 42. b4 {[%clk 00:07:12]  [%emt 00:01:11]} 42... h4
{[%clk 00:03:36]  [%emt 00:00:23]} 43. b5 { [%clk 00:04:27]  [%emt 00:03:15]}
43... h3 {[%clk 00:01:33]  [%emt 00:02:33]} 44. Kd3 {[%clk 00:01:25]  [%emt
00:03:32]} 44... Qf3+ { [%clk 00:00:58]  [%emt 00:01:05]} 45. Kc4 {[%clk
00:01:30]  [%emt 00:00:24]} 45... Qxf2 {[%clk 00:01:11]  [%emt 00:00:18]} 46.
Qc7+ { [%clk 00:00:55]  [%emt 00:01:04]} 46... Kg6 {[%clk 00:01:37]  [%emt
00:00:06]} 47. b6 {[%clk 00:00:46]  [%emt 00:00:38]} 47... h2 { [%clk 00:01:15]
 [%emt 00:00:52]} 48. b7 {[%clk 00:00:57]  [%emt 00:00:20]} 48... h1=Q {[%clk
00:00:33]  [%emt 00:01:11]} 49. b8=Q { [%clk 00:01:07]  [%emt 00:00:20]} 49...
Qhf1+ {[%clk 00:30:26]  [%emt 00:00:37] } 50. Kb3 {[%clk 00:30:19]  [%emt
00:01:17]} 50... Q1g2 { [%clk 00:29:21]  [%emt 00:01:35]} 51. Nb5 {[%clk
00:28:06]  [%emt 00:02:42]} 51... Qxe4 {[%clk 00:28:35]  [%emt 00:01:18]} 52.
Nd6 { [%clk 00:26:36]  [%emt 00:01:59]} 52... Qfe3+ {[%clk 00:26:30]  [%emt
00:02:34] } 53. Kb2 {[%clk 00:25:41]  [%emt 00:01:24]} 53... Qe5+ { [%clk
00:25:08]  [%emt 00:01:52]} 54. Ka2 {[%clk 00:23:23]  [%emt 00:02:49]} 54...
Qd5+ {[%clk 00:23:48]  [%emt 00:01:52]} 55. Nc4 { [%clk 00:21:21]  [%emt
00:02:32]} 55... Qee4 {[%clk 00:20:14]  [%emt 00:04:05]} 56. Kb3 {[%clk
00:20:29]  [%emt 00:01:21]} 56... Qe3+ { [%clk 00:16:11]  [%emt 00:04:34]} 57.
Ka4 {[%clk 00:16:01]  [%emt 00:04:53]} 57... Qc3 {[%clk 00:14:17]  [%emt
00:02:28]} 58. Ne5+ { [%clk 00:16:17]  [%emt 00:00:15]} 58... Qdxe5 {[%clk
00:09:17]  [%emt 00:05:30] } 59. Qxe5 {[%clk 00:16:34]  [%emt 00:00:13]} 59...
Qxc2+ { [%clk 00:09:06]  [%emt 00:00:41]} 60. Qb3 {[%clk 00:16:47]  [%emt
00:00:17]} 60... Qc6+ {[%clk 00:09:22]  [%emt 00:00:14]} 61. Ka3 { [%clk
00:16:25]  [%emt 00:00:52]} 61... Qa8+ {[%clk 00:09:31]  [%emt 00:00:22]} 62.
Kb2 {[%clk 00:16:45]  [%emt 00:00:10]} 62... Qg2+ { [%clk 00:09:42]  [%emt
00:00:19]} 63. Qc2+ {[%clk 00:17:02]  [%emt 00:00:11]} 63... Qxc2+ {[%clk
00:09:46]  [%emt 00:00:28]} 64. Kxc2 { [%clk 00:17:21]  [%emt 00:00:10]} 64...
Kf7 {[%clk 00:10:02]  [%emt 00:00:14]} 65. Kd3 {[%clk 00:17:11]  [%emt
00:00:40]} 65... Nd5 { [%clk 00:08:23]  [%emt 00:02:09]} 66. Kc4 {[%clk
00:16:31]  [%emt 00:01:10]} 66... Nb6+ {[%clk 00:06:48]  [%emt 00:02:05]} 67.
Kb5 { [%clk 00:16:28]  [%emt 00:00:33]} 67... Nd5 {[%clk 00:07:10]  [%emt
00:00:09]} 68. Kc6 {[%clk 00:16:18]  [%emt 00:00:39]} 68... Ke7 { [%clk
00:06:43]  [%emt 00:00:56]} 69. Qxg7+ {[%clk 00:16:26]  [%emt 00:00:22]} 1-0